Introducción a la economía marxista /
Guardat en:
| Autor principal: | |
|---|---|
| Format: | Desconegut |
| Idioma: | Spanish |
| Publicat: |
Lima, Perú :
EPASA,
1970?
|
| Col·lecció: | (Colección Fondo de Cultura Popular ;
16) |
| Matèries: | |
| Etiquetes: |
Afegir etiqueta
Sense etiquetes, Sigues el primer a etiquetar aquest registre!
|
MARC
| LEADER | 000000000a22000000004500 | ||
|---|---|---|---|
| 001 | 008516 | ||
| 008 | 180213b xxu||||| |||| 00| 0 spa d | ||
| 082 | 0 | 4 | |a 335.43 |b M271i |
| 100 | 1 | |a Mandel, Ernest | |
| 245 | 1 | 0 | |a Introducción a la economía marxista / |c Ernest Mandel. |
| 260 | 1 | |a Lima, Perú : |b EPASA, |c 1970? | |
| 300 | |a 114 páginas | ||
| 490 | 1 | |a (Colección Fondo de Cultura Popular ; |v 16) | |
| 500 | |a Donación Elisa Trejos | ||
| 650 | 4 | |a ECONOMIA MARXISTA | |
| 942 | |c BK |2 ddc | ||
| 999 | |c 14079 |d 14079 | ||
